| 000 | 01323nam a2200337 i 4500 | ||
|---|---|---|---|
| 001 | 000016733 | ||
| 003 | DO-SdBNP | ||
| 005 | 20260219105723.0 | ||
| 007 | ta | ||
| 008 | 100310s1986 dr 001 0 spa d | ||
| 040 |
_aDO-SdBNP _bspa _cBNPHU _erda |
||
| 049 | _aBNPD | ||
| 082 | 4 |
_a378.0097293 _bH673e _222 |
|
| 245 | 0 | 0 |
_aHistoria de la estructura universitaria del 1538 - 1985 / _cpresentación, Fernando Sánchez Martínez ; introducción, Celso J. Benavides G. |
| 264 | 4 |
_aSanto Domingo : _bEditora Universitaria-UASD, _c1986. |
|
| 300 |
_a327 páginas ; _c21 cm. |
||
| 336 |
_atexto _btxt _2rdacontent |
||
| 337 |
_asin mediación _bn _2rdamedia |
||
| 338 |
_avolumen _bnc _2rdacarrier |
||
| 490 | 1 |
_aPublicación de la Universidad Autónoma de Santo Domingo _v482 |
|
| 490 | 1 |
_aUniversidad y planificación _v8 |
|
| 500 | _aIncluye notas al pie de las páginas | ||
| 590 | _aInventariado, 2024/BT | ||
| 650 | 0 |
_aEducación superior _zRepública Dominicana _9730 |
|
| 650 | 4 |
_aEducaciòn superior _xFines y objetivo _937104 |
|
| 700 | 1 |
_aBenavides G., Celso J., _epresentación _937105 |
|
| 700 | 1 |
_aSánchez Martínez, Fernando, _eintroducción _97183 |
|
| 830 | 0 |
_aPublicación de la Universidad Autónoma de Santo Domingo _v482 _937106 |
|
| 830 | 0 |
_aUniversidad y planificación _v8 _937107 |
|
| 942 |
_2ddc _cLBS1 |
||
| 999 |
_c16265 _d16265 |
||